00716nam a2200205Ia 4500952015900000999001500159003000400174005001700178008004100195020001800236040000900254082001900263100002600282245004400308250001200352260006400364300000900428650002900437942004400466 00102ddc40708COMPUTER SCIENCEaMESbMEScCOMPd2019-02-20g170.00l5m3o005.133 BAL/Pp25422r2025-10-23 11:40:17s2025-10-04w2019-02-20yBKzGL31R1 c8705d8705OSt20220723131046.0190216s9999||||xx |||||||||||||| ||und|| a9780070141698 coclc a005.133bBAL/P aBalagurusamy, E93962 0aProgramming With Java /cE Balagurusamy a4th Ed. bTata Mcgraw Hill Publishing Company Ltd,c2011.aNew Delhi: a453p aCold-Blooded Vertebrates cBK2ddch005.133iBAL/Pk005.133mBAL/P